Statistics for Countries with Embassies in Pyongyang

Click here to take the quiz!

General Stats

  • This quiz has been taken 212 times
  • The average score is 14 of 24

Answer Stats

Answer% Correct
China
96%
Russia
96%
Vietnam
79%
India
77%
Iran
74%
Pakistan
71%
Cuba
70%
Laos
70%
Indonesia
67%
Cambodia
66%
United Kingdom
66%
Mongolia
65%
Germany
58%
Malaysia
56%
Brazil
55%
Egypt
48%
Sweden
45%
Syria
40%
Poland
37%
Romania
32%
Bulgaria
28%
Czech Republic
27%
Nigeria
27%
Palestine
14%

Score Distribution

Percentile by Number Answered

Percent of People with Each Score

Your Score History

You have not taken this quiz